000 01078nam a2200325 i 4500
003 EG-GICUC
005 20260221083929.0
008 260221s1997 -us fr|||| 00| 0 eng d
020 _a1571050655
040 _aEG-GiCUC
_beng
_cEG-GiCUC
_dEG-GiCUC
_erda
041 0 _aeng
082 0 4 _221
_a341.77
_bCH . I
092 0 4 _221
099 _aLaw1 11 341.77 CH . I 1997
100 1 _aCherif Bassiouni
_eAuthor.
245 1 0 _aInternational Criminal Law Conventions And Their Penal Provisions /
_cM. Cherif Bassiouni.
264 1 _aNew York :
_bTransnational Publishers,
_c1997.
300 _a1250 pages,
_c24 cm
336 _2rda content
_atext
337 _2rda media
_aComputer
338 _2rda carrier
_aOnline Resource
504 _aIncludes bibliographical references.
546 _aText in English
590 _aإهداء مكتبة الأستاذ الدكتور صلاح عامر
650 1 4 _aPublic international law
_2
651 1 _2
856 4 0 _uhttps://fll.law.cu.edu.eg/fulltext/bks/B11-08057.pdf
905 _a48
942 _2ddc
_cBK
_e21
_n0
999 _c63928
_d63928